000 00815nam a22002297a 4500
999 _c63401
_d63401
005 20240530110639.0
008 171007s2016 ua a g 00| 0 ara d
017 _a2015/20380
_bمصر. دار الكتب
020 _a9789777353564
040 _aEG-CaGPL
_cEG-CaGPL
082 0 4 _221
_a142.3\
_bع ف
100 0 _aعبدالوهاب جعفر .
245 1 2 _aالفيلسوف كانط و الكانطية الجديدة /
_cعبدالوهاب جعفر .
250 _aط.1
260 _aالاسكندرية :
_bدار الوفاء لدنيا الطباعة و النشر ،
_c2016 .
300 _a223 ص ؛
_c24 سم .
600 0 _aكانت
650 0 7 _2qrmak
_aكانط
650 0 7 _2qrmak
_aالفلاسفة اليونانيون .
942 _2ddc
_cBK